EAFC 24 : Alle Future-Stars - Statistiken

Allgemein
  • Dieses Quiz wurde 35 mal gespielt
  • Das Durchschnittsergebnis liegt bei 8 aus 46
Antwortstatistiken
Nation Bewertung Spieler % Korrekt
Türkei 89 Arda Güler
74%
England 91 Cole Palmer
67%
Deutschland 89 Youssoufa Moukoko
41%
Argentinien 90 Alejandro Garnacho
33%
Belgien 89 Jérémy Doku
33%
Nigeria 90 Victor Boniface
33%
Dänemark 89 Rasmus Høijlund
30%
Deutschland 86 Yann Aurel Bisseck
30%
Polen 86 Jakub Kiwior
26%
England 91 Lauren James
26%
Frankreich 90 Warren Zaïre-Emery
26%
England 89 Harvey Eliott
22%
USA 88 Yunus Musah
22%
Spanien 89 Álex Balde
19%
Frankreich 88 Castello Lukeba
19%
Spanien 90 Claudia Pina
19%
Deutschland 86 Luca Netz
19%
Frankreich 88 Michael Olise
19%
Spanien 89 Nico Williams
19%
Spanien 87 Pablo Barrios
19%
Ecuador 87 William Pacho
19%
Spanien 89 Salma Paralluelo
15%
Frankreich 91 Selma Bacha
15%
USA 88 Trinity Rodman
15%
Marokko 87 Amir Richardson
11%
Frankreich 87 Bafodé Diakité
11%
Niederlande 88 Joshua Zirkzee
11%
Japan 87 Jun Endo
11%
England 91 Lauren Hemp
11%
Frankreich 86 Naomi Girma
11%
Brasilien 87 Sávio Moreira de Oliveira
11%
Italien 88 Destiny Udogie
7%
Frankreich 86 Enzo Millot
7%
Deutschland 87 Klara Bühl
7%
Island 87 Lea Vilhjálmsdóttir
7%
Frankreich 87 Loïc Badé
7%
Frankreich 86 Margaux Le Mouël
7%
Argentinien 87 Matías Soulé
7%
Frankreich 88 Maya Le Tissier
7%
Portugal 88 Pedro Neto
7%
Frankreich 87 Quentin Merlin
7%
Zambia 87 Racheal Kundananji
7%
England 88 Rico Lewis
7%
Italien 86 Samuele Ricci
7%
Frankreich 86 Soungoutou Magassa
7%
Ghana 87 Tariq Lamptey
7%
Keine übereinstimmenden Quizze gefunden
Verteilung der Resultate
Anzahl Personen mit jedem Resultat
Perzentil nach korrekt beantworteten Fragen
Ihre Resultats-Entwicklung
Sie haben dieses Quiz noch nicht gespielt